000 00769nam a2200277Ia 4500
003 OSt
005 20220928115202.0
006 a|||||r|||| 00| 0
007 ta
008 220927b |||||||| |||| 00| 0 eng d
020 _c7596.4499999999998
024 _a116498
037 _b71, 06/09/2012, Vardhman Books
_cTextual
040 _aSDCL
_cSDCL
_beng
041 _2eng
_aeng
082 _aG9M, Q3
100 _aClark David P
245 0 _aMolecular biology.
250 _a2nd
260 _aAmsterdam
_bElsevier
_c2013
300 _ax,907p
_ccm.
650 _aMicrobiology
700 _a Pazdernik Nanette J
942 _hG9M, Q3
_cTEXL
_2CC
999 _c758472
_d758472